1809 1767 1593 1601 1627 1537 1933 1913 1920 1124 1864 1369 1176 1792 1192 1952 1274 1932 1340 1429 1905 1975 1532 1782 1940 1513 1566 1663 1926 1298 1985 1118 1969 1126 1583 1275 1522 1324 1137 1506 1011 1881 1901 1320 1999 1945 1870 1242 1113 1146 1926 1183 1672 1501 1613 1887 1026 1202 1311 1754 1142 1293 1762 1850 1906 1571 1417 1278 1261 1898 1786 1498 1552 1740 1223 1173 1192 1378 1002 1828 1224 1740 1152 1731 1797 1286 1413 1395 1484 1828 1628 1073 1467 1773 1680 1378 1999 1545 1134 BCNSPRNW ULIB Ver.6.0+V

เปลี่ยนเป็นภาษาไทย

Change to English
 แสดงรายละเอียดบรรณานุกรม
  กลับหน้าหลัก

Brief Record : Get Marc (ISO 2709) : E-mail record : QR code < ปิดหน้าต่าง
LEADER : 00000nam 2200000uu 4500
001    13399111992
003     ULIB
008    110714s||||||||th 000 0 tha d
020    9786167123615
090    นว.^bว358ล
100 0   วสันต์ จันทรา
245 00 เล่ห์รักรอยเหมันต์/^cวสันต์ จันทรา
250     พิมพ์ครั้งที่ 1
260     กรุงเทพฯ :^bกรีนมายด์,^cม.ป.ป.
300     336 หน้า
945    ^p249^l0^i028035
995    เกษร
999     ^aใช้งานได้ทุกระบบ
รายการนี้ยังไม่มีแท็ก
คุณยังไม่ได้ล็อกอิน คุณสามารถมีกิจกรรมร่วมกับเว็บไซต์ได้ แต่ต้องล็อกอินก่อน ::
  ล็อกอิน

รายการสื่อสารสนเทศ

ลำดับที่ ประเภท เลขเรียก/บาร์โค้ด สถานที่ สถานะ
1. นวนิยาย
นวนิยาย
นว. ว358ล  
  Barcode: 028035
ห้องสมุดวิทยาเขตสวรรค์ประชารักษ์
►นวนิยาย
บนชั้น
  ขอยืม

BibComment


ยังไม่เคยถูกคอมเมนท์

คอมเมนท์ทรัพยากรรายการนี้
  คอมเมนท์: เล่ห์รักรอยเหมันต..


 Copyright 2026. Bcnsprnw @Library